[Event "Russian Blitz Championship (m)"]
[Site "Sochi"]
[Date "2022.10.14"]
[Round "6.15"]
[White "Shubin, Kirill"]
[Black "Alekseev, Evgeny"]
[Result "0-1"]
[BlackElo "2579"]
[WhiteElo "2416"]
[LiveChessVersion "1.4.8"]

1. e4 {[%clk 0:03:03]} e5 {[%clk 0:03:03]} 2. Nf3 {[%clk 0:03:04]} Nc6
{[%clk 0:03:04]} 3. Bb5 {[%clk 0:03:06]} a6 {[%clk 0:03:04]} 4. Ba4
{[%clk 0:03:07]} Nf6 {[%clk 0:03:05]} 5. O-O {[%clk 0:03:06]} Be7
{[%clk 0:03:05]} 6. Re1 {[%clk 0:03:07]} b5 {[%clk 0:03:05]} 7. Bb3
{[%clk 0:03:08]} d6 {[%clk 0:03:05]} 8. c3 {[%clk 0:03:09]} O-O {[%clk 0:03:05]}
9. h3 {[%clk 0:03:10]} Nb8 {[%clk 0:03:02]} 10. d4 {[%clk 0:03:10]} Nbd7
{[%clk 0:03:03]} 11. Nbd2 {[%clk 0:03:11]} Bb7 {[%clk 0:03:03]} 12. Bc2
{[%clk 0:03:11]} Re8 {[%clk 0:03:01]} 13. Nf1 {[%clk 0:03:12]} Bf8
{[%clk 0:03:01]} 14. Ng3 {[%clk 0:03:12]} g6 {[%clk 0:02:57]} 15. a4
{[%clk 0:03:12]} c5 {[%clk 0:02:55]} 16. d5 {[%clk 0:03:13]} c4 {[%clk 0:02:56]}
17. Be3 {[%clk 0:03:13]} Qc7 {[%clk 0:02:43]} 18. Qd2 {[%clk 0:03:14]} Bg7
{[%clk 0:02:33]} 19. Ra3 {[%clk 0:03:11]} Nc5 {[%clk 0:02:29]} 20. Rea1
{[%clk 0:03:09]} Nfd7 {[%clk 0:02:23]} 21. Bh6 {[%clk 0:02:50]} f6
{[%clk 0:02:16]} 22. h4 {[%clk 0:02:34]} Nb6 {[%clk 0:02:10]} 23. axb5
{[%clk 0:02:33]} axb5 {[%clk 0:02:10]} 24. h5 {[%clk 0:02:26]} Bxh6
{[%clk 0:01:55]} 25. Qxh6 {[%clk 0:02:26]} Qg7 {[%clk 0:01:55]} 26. Qc1
{[%clk 0:02:01]} Rxa3 {[%clk 0:01:43]} 27. Rxa3 {[%clk 0:02:02]} Ra8
{[%clk 0:01:40]} 28. Qa1 {[%clk 0:01:59]} Qf8 {[%clk 0:01:17]} 29. Nh2
{[%clk 0:01:27]} Rxa3 {[%clk 0:01:09]} 30. Qxa3 {[%clk 0:01:27]} Qa8
{[%clk 0:01:10]} 31. Qxa8+ {[%clk 0:01:11]} Bxa8 {[%clk 0:01:07]} 32. Ng4
{[%clk 0:01:01]} Kf7 {[%clk 0:00:51]} 33. hxg6+ {[%clk 0:00:53]} hxg6
{[%clk 0:00:51]} 34. Ne3 {[%clk 0:00:54]} Bb7 {[%clk 0:00:46]} 35. Ne2
{[%clk 0:00:45]} Bc8 {[%clk 0:00:44]} 36. g3 {[%clk 0:00:40]} Nba4
{[%clk 0:00:37]} 37. Nd1 {[%clk 0:00:41]} Bg4 {[%clk 0:00:31]} 38. Kf1
{[%clk 0:00:42]} Bf3 {[%clk 0:00:29]} 39. Ke1 {[%clk 0:00:29]} Bxe4
{[%clk 0:00:30]} 40. Bxe4 {[%clk 0:00:30]} Nxe4 {[%clk 0:00:31]} 41. f3
{[%clk 0:00:26]} Nec5 {[%clk 0:00:31]} 42. Kd2 {[%clk 0:00:27]} f5
{[%clk 0:00:30]} 43. f4 {[%clk 0:00:17]} Kf6 {[%clk 0:00:28]} 44. Kc2
{[%clk 0:00:16]} Nb6 {[%clk 0:00:20]} 45. fxe5+ {[%clk 0:00:13]} dxe5
{[%clk 0:00:19]} 46. Ne3 {[%clk 0:00:14]} Ke7 {[%clk 0:00:18]} 47. Ng1
{[%clk 0:00:10]} Kd6 {[%clk 0:00:19]} 48. Nf3 {[%clk 0:00:11]} Nxd5
{[%clk 0:00:17]} 49. Nxd5 Kxd5 {[%clk 0:00:18]} 50. Nh4 {[%clk 0:00:13]} f4
{[%clk 0:00:13]} 51. gxf4 {[%clk 0:00:12]} exf4 {[%clk 0:00:14]} 52. Nxg6
{[%clk 0:00:13]} Ke4 {[%clk 0:00:15]} 53. Kd2 {[%clk 0:00:12]} Nd3
{[%clk 0:00:15]} 54. Ne7 {[%clk 0:00:05]} Nxb2 {[%clk 0:00:14]} 55. Nc8
{[%clk 0:00:07]} Kd5 {[%clk 0:00:14]} 56. Ke2 {[%clk 0:00:06]} Na4
{[%clk 0:00:13]} 57. Kd2 {[%clk 0:00:05]} f3 {[%clk 0:00:13]} 58. Ne7+
{[%clk 0:00:06]} Ke4 {[%clk 0:00:13]} 59. Nc8 {[%clk 0:00:05]} f2
{[%clk 0:00:11]} 60. Ke2 {[%clk 0:00:06]} Nxc3+ {[%clk 0:00:11]} 61. Kxf2
{[%clk 0:00:08]} b4 {[%clk 0:00:11]} 62. Nb6 Kd3 {[%clk 0:00:12]} 0-1

[Event "Russian Blitz Championship (m)"]
[Site "Sochi"]
[Date "2022.10.14"]
[Round "6.16"]
[White "Salemgareev, Tagir"]
[Black "Petrov, Nikita"]
[Result "0-1"]
[BlackElo "2528"]
[WhiteElo "2366"]
[LiveChessVersion "1.4.8"]

1. d4 {[%clk 0:03:02]} Nf6 {[%clk 0:03:03]} 2. c4 {[%clk 0:03:03]} e6
{[%clk 0:03:04]} 3. Nf3 {[%clk 0:03:03]} d5 {[%clk 0:03:05]} 4. g3
{[%clk 0:03:04]} Bb4+ {[%clk 0:03:06]} 5. Bd2 {[%clk 0:03:05]} Be7
{[%clk 0:03:07]} 6. Bg2 {[%clk 0:03:05]} O-O {[%clk 0:03:07]} 7. O-O
{[%clk 0:03:05]} Nbd7 {[%clk 0:03:07]} 8. Qc2 {[%clk 0:03:06]} c6
{[%clk 0:03:07]} 9. Rd1 {[%clk 0:03:07]} a5 {[%clk 0:03:07]} 10. Bf4
{[%clk 0:03:06]} Nh5 {[%clk 0:03:01]} 11. Bc1 {[%clk 0:03:06]} b5
{[%clk 0:03:00]} 12. c5 {[%clk 0:02:54]} Nhf6 {[%clk 0:02:33]} 13. Nbd2
{[%clk 0:02:47]} Ba6 {[%clk 0:01:52]} 14. a3 {[%clk 0:02:38]} b4 {[%clk 0:01:35]}
15. Re1 {[%clk 0:02:32]} e5 {[%clk 0:01:30]} 16. Nxe5 {[%clk 0:01:40]} Nxe5
{[%clk 0:01:31]} 17. dxe5 {[%clk 0:01:40]} Nd7 {[%clk 0:01:32]} 18. axb4
{[%clk 0:01:37]} axb4 {[%clk 0:01:31]} 19. Nb3 {[%clk 0:01:29]} Nxe5
{[%clk 0:01:17]} 20. Bf4 {[%clk 0:01:29]} Bf6 {[%clk 0:01:07]} 21. Nd4
{[%clk 0:00:25]} Bb7 {[%clk 0:01:03]} 22. Rxa8 {[%clk 0:00:19]} Qxa8
{[%clk 0:01:00]} 23. Nf5 {[%clk 0:00:14]} Bc8 {[%clk 0:00:42]} 24. Nd6
{[%clk 0:00:14]} Be6 {[%clk 0:00:43]} 25. b3 {[%clk 0:00:10]} Qa3
{[%clk 0:00:38]} 26. Rd1 {[%clk 0:00:04]} d4 {[%clk 0:00:39]} 27. Rxd4
{[%clk 0:00:04]} Nf3+ {[%clk 0:00:37]} 28. Bxf3 {[%clk 0:00:04]} Bxd4
{[%clk 0:00:38]} 29. Nc4 {[%clk 0:00:04]} Qa1+ {[%clk 0:00:35]} 30. Kg2
{[%clk 0:00:05]} Qc3 {[%clk 0:00:35]} 31. Qe4 {[%clk 0:00:03]} Bd5
{[%clk 0:00:33]} 32. Qe7 {[%clk 0:00:03]} Bxf3+ {[%clk 0:00:31]} 33. exf3
{[%clk 0:00:04]} Qxb3 {[%clk 0:00:32]} 34. Bd6 {[%clk 0:00:04]} Ra8
{[%clk 0:00:23]} 35. Nb6 {[%clk 0:00:05]} Qe6 {[%clk 0:00:16]} 36. Qb7
{[%clk 0:00:03]} Re8 {[%clk 0:00:16]} 37. Qxc6 {[%clk 0:00:03]} b3
{[%clk 0:00:17]} 38. Qb5 {[%clk 0:00:03]} b2 {[%clk 0:00:17]} 39. Nc4
{[%clk 0:00:04]} Qe2 {[%clk 0:00:16]} 40. Qb3 0-1

[Event "Russian Blitz Championship (m)"]
[Site "Sochi"]
[Date "2022.10.14"]
[Round "6.17"]
[White "Demidov, Mikhail"]
[Black "Savitskiy, Sergey"]
[Result "1-0"]
[BlackElo "2363"]
[WhiteElo "2520"]
[LiveChessVersion "1.4.8"]

1. Nf3 {[%clk 0:03:03]} Nf6 {[%clk 0:03:01]} 2. g3 {[%clk 0:03:04]} g6
{[%clk 0:03:02]} 3. b3 {[%clk 0:03:06]} Bg7 {[%clk 0:03:03]} 4. Bb2
{[%clk 0:03:08]} O-O {[%clk 0:03:03]} 5. Bg2 {[%clk 0:03:09]} b5 {[%clk 0:02:35]}
6. O-O {[%clk 0:03:05]} Bb7 {[%clk 0:02:36]} 7. d3 {[%clk 0:03:02]} c5
{[%clk 0:02:31]} 8. c4 {[%clk 0:03:01]} a6 {[%clk 0:02:25]} 9. Na3
{[%clk 0:02:51]} b4 {[%clk 0:02:03]} 10. Nc2 {[%clk 0:02:51]} d6 {[%clk 0:02:04]}
11. d4 {[%clk 0:02:42]} cxd4 {[%clk 0:02:00]} 12. Nfxd4 {[%clk 0:02:32]} Bxg2
{[%clk 0:02:00]} 13. Kxg2 {[%clk 0:02:33]} a5 {[%clk 0:01:47]} 14. a3
{[%clk 0:02:28]} bxa3 {[%clk 0:01:45]} 15. Rxa3 {[%clk 0:02:29]} Qd7
{[%clk 0:01:29]} 16. Qd3 {[%clk 0:02:00]} Na6 {[%clk 0:01:16]} 17. Qf3
{[%clk 0:01:25]} Nc5 {[%clk 0:01:04]} 18. Qc6 {[%clk 0:01:21]} Rfb8
{[%clk 0:00:45]} 19. Qxd7 {[%clk 0:00:56]} Nfxd7 {[%clk 0:00:45]} 20. Rb1
{[%clk 0:00:47]} Ra6 {[%clk 0:00:30]} 21. Nb5 {[%clk 0:00:39]} Bxb2
{[%clk 0:00:27]} 22. Rxb2 {[%clk 0:00:40]} Rb7 {[%clk 0:00:14]} 23. Rba2
{[%clk 0:00:33]} d5 {[%clk 0:00:07]} 24. Ne3 {[%clk 0:00:14]} dxc4 25. bxc4
{[%clk 0:00:15]} a4 {[%clk 0:00:08]} 26. Nd5 {[%clk 0:00:16]} e6 {[%clk 0:00:08]}
27. Ne3 {[%clk 0:00:16]} Kg7 {[%clk 0:00:09]} 28. Nc3 {[%clk 0:00:15]} Rba7
{[%clk 0:00:05]} 29. Rb2 {[%clk 0:00:13]} Rb6 {[%clk 0:00:05]} 30. Rb5
{[%clk 0:00:11]} h5 {[%clk 0:00:04]} 31. h4 {[%clk 0:00:12]} Kf6 {[%clk 0:00:05]}
32. Ned5+ {[%clk 0:00:12]} exd5 {[%clk 0:00:04]} 33. Nxd5+ {[%clk 0:00:13]} Ke6
{[%clk 0:00:04]} 34. Nxb6 {[%clk 0:00:14]} Ke7 {[%clk 0:00:03]} 35. Nc8+
{[%clk 0:00:15]} 1-0

[Event "Russian Blitz Championship (m)"]
[Site "Sochi"]
[Date "2022.10.14"]
[Round "6.18"]
[White "Vastrukhin, Oleg"]
[Black "Kezin, Roman"]
[Result "1-0"]
[BlackElo "2503"]
[WhiteElo "2345"]
[LiveChessVersion "1.4.8"]

1. Nf3 {[%clk 0:03:02]} d5 {[%clk 0:03:03]} 2. g3 {[%clk 0:03:03]} Nc6
{[%clk 0:03:05]} 3. d4 {[%clk 0:03:03]} Bf5 {[%clk 0:03:06]} 4. Bg2
{[%clk 0:03:04]} e6 {[%clk 0:03:07]} 5. O-O {[%clk 0:03:04]} Nb4 {[%clk 0:03:08]}
6. Na3 {[%clk 0:03:05]} Nf6 {[%clk 0:03:05]} 7. c3 {[%clk 0:03:06]} Nc6
{[%clk 0:03:06]} 8. Qb3 {[%clk 0:03:07]} Rb8 {[%clk 0:03:04]} 9. Bg5
{[%clk 0:03:07]} Be7 {[%clk 0:03:01]} 10. Bxf6 {[%clk 0:03:07]} Bxf6
{[%clk 0:02:58]} 11. Nd2 {[%clk 0:03:08]} O-O {[%clk 0:02:26]} 12. e4
{[%clk 0:03:08]} dxe4 {[%clk 0:02:27]} 13. Nxe4 {[%clk 0:03:09]} Be7
{[%clk 0:02:28]} 14. Nc4 {[%clk 0:03:05]} b5 {[%clk 0:01:28]} 15. Ne3
{[%clk 0:03:05]} Na5 {[%clk 0:01:21]} 16. Qd1 {[%clk 0:03:01]} Bg6
{[%clk 0:01:21]} 17. Qe2 {[%clk 0:02:51]} Qc8 {[%clk 0:01:00]} 18. Rad1
{[%clk 0:02:42]} Rd8 {[%clk 0:01:00]} 19. h4 {[%clk 0:02:32]} h6 {[%clk 0:00:55]}
20. Rfe1 {[%clk 0:02:24]} Bf8 {[%clk 0:00:17]} 21. b4 {[%clk 0:02:02]} Nb7
{[%clk 0:00:14]} 22. Ng4 {[%clk 0:01:50]} Nd6 {[%clk 0:00:09]} 23. Ne5
{[%clk 0:01:47]} Bxe4 {[%clk 0:00:04]} 24. Bxe4 {[%clk 0:01:47]} Nxe4
{[%clk 0:00:03]} 25. Qxe4 {[%clk 0:01:48]} Rb6 {[%clk 0:00:04]} 26. Rd3
{[%clk 0:01:41]} Re8 {[%clk 0:00:03]} 27. Rf3 {[%clk 0:01:38]} Re7
{[%clk 0:00:04]} 28. g4 {[%clk 0:01:28]} Qb7 {[%clk 0:00:04]} 29. Qf4
{[%clk 0:01:25]} f6 {[%clk 0:00:04]} 30. Ng6 {[%clk 0:01:24]} Rf7
{[%clk 0:00:04]} 31. g5 {[%clk 0:01:17]} c6 {[%clk 0:00:03]} 32. Rxe6
{[%clk 0:01:05]} fxg5 {[%clk 0:00:03]} 33. Qxf7+ {[%clk 0:01:03]} Qxf7
{[%clk 0:00:04]} 34. Rxf7 {[%clk 0:01:03]} Kxf7 {[%clk 0:00:05]} 35. Nxf8
{[%clk 0:01:04]} Kxf8 {[%clk 0:00:06]} 36. hxg5 {[%clk 0:01:04]} hxg5
{[%clk 0:00:07]} 37. Kg2 {[%clk 0:01:02]} Kf7 {[%clk 0:00:07]} 38. Rd6
{[%clk 0:01:03]} Ke7 {[%clk 0:00:07]} 39. Rg6 Kf7 40. Rxg5 {[%clk 0:01:04]} Ra6
{[%clk 0:00:08]} 41. Rc5 {[%clk 0:00:49]} Ke6 {[%clk 0:00:09]} 42. Kg3
{[%clk 0:00:42]} Kd6 {[%clk 0:00:09]} 43. Rg5 {[%clk 0:00:40]} Rxa2
{[%clk 0:00:08]} 44. Rxg7 {[%clk 0:00:19]} Ra3 {[%clk 0:00:07]} 45. Kf4
{[%clk 0:00:13]} Rxc3 {[%clk 0:00:08]} 46. Rxa7 {[%clk 0:00:13]} Rc4
{[%clk 0:00:08]} 47. Ke3 {[%clk 0:00:13]} Rxb4 {[%clk 0:00:06]} 48. f4
{[%clk 0:00:14]} Rb1 {[%clk 0:00:04]} 49. Ra8 {[%clk 0:00:06]} Kd5
{[%clk 0:00:04]} 50. Rd8+ {[%clk 0:00:06]} Kc4 {[%clk 0:00:05]} 51. Rc8
{[%clk 0:00:07]} Re1+ {[%clk 0:00:03]} 52. Kd2 {[%clk 0:00:07]} Re6
{[%clk 0:00:04]} 53. f5 {[%clk 0:00:04]} Rf6 {[%clk 0:00:05]} 54. Ke3
{[%clk 0:00:05]} Rxf5 {[%clk 0:00:04]} 55. Rxc6+ {[%clk 0:00:06]} Kb4
{[%clk 0:00:04]} 56. Ke4 {[%clk 0:00:07]} Rh5 {[%clk 0:00:04]} 57. d5
{[%clk 0:00:08]} Rh7 {[%clk 0:00:03]} 58. d6 {[%clk 0:00:09]} Ka3
{[%clk 0:00:04]} 59. Rc7 {[%clk 0:00:10]} Rh1 {[%clk 0:00:04]} 60. d7
{[%clk 0:00:10]} Rd1 {[%clk 0:00:05]} 61. Rc3+ {[%clk 0:00:11]} Kb4
{[%clk 0:00:04]} 62. Rd3 {[%clk 0:00:12]} Re1+ {[%clk 0:00:04]} 63. Kd4
{[%clk 0:00:13]} 1-0

[Event "Russian Blitz Championship (m)"]
[Site "Sochi"]
[Date "2022.10.14"]
[Round "6.19"]
[White "Shomoev, Anton"]
[Black "Koshulyan, Egor A."]
[Result "1-0"]
[BlackElo "2039"]
[WhiteElo "2499"]
[LiveChessVersion "1.4.8"]

1. e4 {[%clk 0:03:02]} c5 {[%clk 0:03:02]} 2. Nf3 {[%clk 0:03:03]} Nc6
{[%clk 0:03:03]} 3. d4 {[%clk 0:03:04]} cxd4 {[%clk 0:03:04]} 4. Nxd4
{[%clk 0:03:05]} Nf6 {[%clk 0:03:05]} 5. Nc3 {[%clk 0:03:07]} e5 {[%clk 0:03:06]}
6. Ndb5 {[%clk 0:03:08]} d6 {[%clk 0:03:07]} 7. Bg5 {[%clk 0:03:09]} a6
{[%clk 0:03:08]} 8. Na3 {[%clk 0:03:10]} Be6 {[%clk 0:03:09]} 9. Nc4
{[%clk 0:03:10]} Rb8 {[%clk 0:03:10]} 10. Qd2 {[%clk 0:03:02]} Nd4
{[%clk 0:02:50]} 11. Bxf6 {[%clk 0:02:40]} Qxf6 {[%clk 0:02:50]} 12. Ne3
{[%clk 0:02:38]} Qd8 {[%clk 0:02:47]} 13. Ncd5 {[%clk 0:02:38]} Be7
{[%clk 0:02:48]} 14. c3 {[%clk 0:02:38]} Nc6 {[%clk 0:02:49]} 15. Bc4
{[%clk 0:02:29]} Bg5 {[%clk 0:02:42]} 16. O-O {[%clk 0:02:29]} O-O
{[%clk 0:02:42]} 17. a4 {[%clk 0:02:28]} Kh8 {[%clk 0:02:35]} 18. Qd3
{[%clk 0:02:27]} Ne7 {[%clk 0:02:21]} 19. Nxe7 {[%clk 0:02:20]} Qxe7
{[%clk 0:02:10]} 20. Bxe6 {[%clk 0:02:16]} fxe6 {[%clk 0:02:09]} 21. Nc4
{[%clk 0:02:07]} Rbd8 {[%clk 0:02:07]} 22. a5 {[%clk 0:02:03]} Qc7
{[%clk 0:01:59]} 23. Qe2 {[%clk 0:01:46]} Bf6 {[%clk 0:01:46]} 24. Rfd1
{[%clk 0:01:43]} Qc5 {[%clk 0:01:14]} 25. b4 {[%clk 0:01:15]} Qb5
{[%clk 0:01:01]} 26. Qd3 {[%clk 0:01:06]} Be7 {[%clk 0:00:44]} 27. Nb6
{[%clk 0:01:03]} Qc6 {[%clk 0:00:45]} 28. g3 {[%clk 0:00:57]} Rf7
{[%clk 0:00:25]} 29. Ra2 {[%clk 0:00:54]} Bf8 {[%clk 0:00:18]} 30. c4
{[%clk 0:00:52]} Be7 {[%clk 0:00:10]} 31. Kg2 {[%clk 0:00:45]} Rff8
{[%clk 0:00:12]} 32. Rad2 {[%clk 0:00:44]} Bg5 {[%clk 0:00:12]} 33. Rc2
{[%clk 0:00:44]} Be7 {[%clk 0:00:11]} 34. h3 {[%clk 0:00:45]} Qc7
{[%clk 0:00:09]} 35. Rcd2 {[%clk 0:00:43]} d5 {[%clk 0:00:11]} 36. c5
{[%clk 0:00:36]} d4 {[%clk 0:00:04]} 37. Qc4 Qc6 38. f3 {[%clk 0:00:32]} Rf6
{[%clk 0:00:07]} 39. Rd3 Rdf8 40. Rf1 Bd8 41. Qb3 {[%clk 0:00:24]} Bxb6
{[%clk 0:00:08]} 42. axb6 {[%clk 0:00:24]} Qd7 {[%clk 0:00:08]} 43. Qc4
{[%clk 0:00:21]} Qc6 {[%clk 0:00:09]} 44. Rb3 {[%clk 0:00:21]} h6
{[%clk 0:00:08]} 45. b5 {[%clk 0:00:20]} axb5 {[%clk 0:00:09]} 46. Qxb5
{[%clk 0:00:21]} Qc8 {[%clk 0:00:06]} 47. Ra3 {[%clk 0:00:20]} Rg6
{[%clk 0:00:05]} 48. c6 {[%clk 0:00:17]} Qxc6 {[%clk 0:00:04]} 49. Qxc6
{[%clk 0:00:18]} bxc6 {[%clk 0:00:05]} 50. b7 {[%clk 0:00:20]} 1-0

[Event "Russian Blitz Championship (m)"]
[Site "Sochi"]
[Date "2022.10.14"]
[Round "6.20"]
[White "Vlasenko, Miroslav"]
[Black "Drygalov, Andrey"]
[Result "0-1"]
[BlackElo "2498"]
[WhiteElo "2319"]
[LiveChessVersion "1.4.8"]

1. d4 {[%clk 0:03:03]} Nf6 {[%clk 0:03:03]} 2. Bg5 {[%clk 0:03:04]} d5
{[%clk 0:03:04]} 3. Bxf6 {[%clk 0:03:05]} gxf6 {[%clk 0:03:05]} 4. c4
{[%clk 0:03:06]} dxc4 {[%clk 0:03:01]} 5. e3 {[%clk 0:03:05]} e6 {[%clk 0:03:02]}
6. Bxc4 {[%clk 0:03:03]} c5 {[%clk 0:03:03]} 7. Nc3 {[%clk 0:03:01]} cxd4
{[%clk 0:02:55]} 8. exd4 {[%clk 0:02:58]} Bg7 {[%clk 0:02:52]} 9. Nge2
{[%clk 0:02:47]} f5 {[%clk 0:02:48]} 10. O-O {[%clk 0:02:41]} O-O
{[%clk 0:02:48]} 11. Qd3 {[%clk 0:02:05]} Nc6 {[%clk 0:02:48]} 12. Rad1
{[%clk 0:02:01]} Na5 {[%clk 0:02:40]} 13. d5 {[%clk 0:01:30]} Qh4
{[%clk 0:02:14]} 14. Bb3 {[%clk 0:01:08]} Nxb3 {[%clk 0:02:13]} 15. axb3
{[%clk 0:01:10]} e5 {[%clk 0:01:32]} 16. d6 {[%clk 0:01:04]} Be6 {[%clk 0:01:32]}
17. Qb5 {[%clk 0:01:05]} b6 {[%clk 0:00:37]} 18. Nd5 {[%clk 0:01:00]} Rad8
{[%clk 0:00:26]} 19. Ng3 {[%clk 0:00:47]} f4 {[%clk 0:00:20]} 20. Nf5
{[%clk 0:00:42]} Qg5 {[%clk 0:00:11]} 21. Nde7+ {[%clk 0:00:23]} Kh8
{[%clk 0:00:13]} 22. Nxg7 {[%clk 0:00:22]} f3 {[%clk 0:00:13]} 23. g3
{[%clk 0:00:21]} Qxg7 {[%clk 0:00:14]} 24. Rfe1 {[%clk 0:00:21]} f6
{[%clk 0:00:11]} 25. Nc6 {[%clk 0:00:18]} Bd7 {[%clk 0:00:12]} 26. Qd5
{[%clk 0:00:18]} Bxc6 {[%clk 0:00:10]} 27. Qxc6 {[%clk 0:00:19]} Qg4
{[%clk 0:00:11]} 28. Rd3 {[%clk 0:00:17]} Qg5 {[%clk 0:00:03]} 29. Qxf3
{[%clk 0:00:16]} Rfe8 {[%clk 0:00:03]} 30. d7 {[%clk 0:00:15]} Re7
{[%clk 0:00:04]} 31. Qc6 {[%clk 0:00:16]} Qf5 {[%clk 0:00:05]} 32. Red1
{[%clk 0:00:16]} e4 {[%clk 0:00:06]} 33. Rd5 {[%clk 0:00:16]} Qf3
{[%clk 0:00:04]} 34. Qc7 {[%clk 0:00:13]} Rg8 {[%clk 0:00:04]} 35. d8=Q
{[%clk 0:00:13]} Rxc7 {[%clk 0:00:05]} 36. Qxc7 {[%clk 0:00:14]} e3
{[%clk 0:00:06]} 37. Qf4 {[%clk 0:00:10]} exf2+ {[%clk 0:00:07]} 38. Kf1
{[%clk 0:00:11]} Qh1+ {[%clk 0:00:08]} 39. Ke2 {[%clk 0:00:10]} Re8+
{[%clk 0:00:09]} 40. Kd2 {[%clk 0:00:07]} Qxd5+ {[%clk 0:00:09]} 41. Kc2
{[%clk 0:00:08]} Qxd1+ {[%clk 0:00:05]} 42. Kxd1 {[%clk 0:00:08]} Re1+
{[%clk 0:00:06]} 43. Kd2 {[%clk 0:00:08]} f1=Q {[%clk 0:00:07]} 44. Qb8+
{[%clk 0:00:09]} Kg7 {[%clk 0:00:09]} 45. Qc7+ {[%clk 0:00:10]} Kh6
{[%clk 0:00:09]} 46. Qc3 {[%clk 0:00:09]} Qe2# {[%clk 0:00:10]} 0-1

[Event "Russian Blitz Championship (m)"]
[Site "Sochi"]
[Date "2022.10.14"]
[Round "7.1"]
[White "Sjugirov, Sanan"]
[Black "Artemiev, Vladislav"]
[Result "0-1"]
[BlackElo "2832"]
[WhiteElo "2609"]
[LiveChessVersion "1.4.8"]

1. e4 {[%clk 0:03:02]} e5 {[%clk 0:03:00]} 2. Nf3 {[%clk 0:03:02]} Nc6
{[%clk 0:03:00]} 3. Bb5 {[%clk 0:03:02]} a6 {[%clk 0:03:00]} 4. Ba4
{[%clk 0:03:02]} Nf6 {[%clk 0:03:00]} 5. O-O {[%clk 0:03:02]} Be7
{[%clk 0:03:01]} 6. d3 {[%clk 0:02:58]} b5 {[%clk 0:02:59]} 7. Bb3
{[%clk 0:02:59]} O-O {[%clk 0:02:59]} 8. Nc3 {[%clk 0:02:44]} d6 {[%clk 0:02:53]}
9. a3 {[%clk 0:02:41]} Rb8 {[%clk 0:02:38]} 10. h3 {[%clk 0:02:34]} h6
{[%clk 0:02:28]} 11. Be3 {[%clk 0:02:32]} Re8 {[%clk 0:02:11]} 12. Re1
{[%clk 0:01:59]} Bf8 {[%clk 0:02:07]} 13. d4 {[%clk 0:01:51]} exd4
{[%clk 0:02:00]} 14. Nxd4 {[%clk 0:01:52]} Na5 {[%clk 0:01:38]} 15. Ba2
{[%clk 0:01:43]} c5 {[%clk 0:01:35]} 16. Nde2 {[%clk 0:00:45]} Nc4
{[%clk 0:01:13]} 17. Bxc4 {[%clk 0:00:15]} bxc4 {[%clk 0:01:14]} 18. Ng3
{[%clk 0:00:06]} Rxb2 {[%clk 0:01:13]} 19. Qd2 {[%clk 0:00:04]} Qa5
{[%clk 0:00:48]} 20. Reb1 {[%clk 0:00:03]} Rxb1+ {[%clk 0:00:46]} 21. Rxb1
{[%clk 0:00:04]} Qxa3 {[%clk 0:00:47]} 22. Qe1 {[%clk 0:00:04]} Qa5
{[%clk 0:00:38]} 23. Qd2 {[%clk 0:00:03]} Be6 24. f3 Qd8 {[%clk 0:00:18]} 25. Rd1
{[%clk 0:00:04]} d5 {[%clk 0:00:12]} 26. exd5 {[%clk 0:00:04]} Bd7
{[%clk 0:00:07]} 27. Bf2 {[%clk 0:00:05]} a5 {[%clk 0:00:07]} 28. Nge4
{[%clk 0:00:06]} Nxe4 {[%clk 0:00:08]} 29. Nxe4 {[%clk 0:00:07]} Qb6
{[%clk 0:00:07]} 30. Nc3 {[%clk 0:00:04]} a4 31. Rb1 Qa5 {[%clk 0:00:08]} 32. Ra1
{[%clk 0:00:05]} a3 {[%clk 0:00:08]} 33. Ne4 {[%clk 0:00:05]} Qxd2
{[%clk 0:00:06]} 34. Nxd2 {[%clk 0:00:07]} Re2 {[%clk 0:00:05]} 35. Nxc4
{[%clk 0:00:07]} Rxc2 {[%clk 0:00:06]} 36. Nb6 {[%clk 0:00:06]} Bb5
{[%clk 0:00:04]} 37. Rxa3 {[%clk 0:00:07]} Bd6 {[%clk 0:00:05]} 38. Ra1
{[%clk 0:00:06]} c4 {[%clk 0:00:05]} 39. Nc8 {[%clk 0:00:08]} Be5
{[%clk 0:00:04]} 40. Re1 {[%clk 0:00:08]} Bf6 {[%clk 0:00:04]} 41. d6
{[%clk 0:00:09]} Kh7 {[%clk 0:00:05]} 42. Nb6 {[%clk 0:00:09]} Rd2
{[%clk 0:00:05]} 43. d7 {[%clk 0:00:10]} c3 {[%clk 0:00:06]} 44. Be3
{[%clk 0:00:10]} Rd3 {[%clk 0:00:07]} 45. Kf2 {[%clk 0:00:11]} Bxd7
{[%clk 0:00:04]} 46. Nxd7 {[%clk 0:00:08]} Rxd7 {[%clk 0:00:05]} 47. Rc1
{[%clk 0:00:10]} Rb7 {[%clk 0:00:05]} 48. f4 {[%clk 0:00:09]} Kg6
{[%clk 0:00:04]} 49. g4 {[%clk 0:00:10]} Rb2+ 50. Kf3 Kh7 {[%clk 0:00:04]} 51.
Ke4 {[%clk 0:00:09]} Re2 {[%clk 0:00:04]} 52. Kf3 {[%clk 0:00:09]} Rh2
{[%clk 0:00:05]} 53. Kg3 {[%clk 0:00:11]} Rb2 {[%clk 0:00:06]} 54. Kf3
{[%clk 0:00:12]} g6 {[%clk 0:00:07]} 55. Bc5 {[%clk 0:00:09]} Rb3
{[%clk 0:00:07]} 56. Ke4 {[%clk 0:00:10]} Kg8 {[%clk 0:00:08]} 57. Bd6
{[%clk 0:00:07]} Rb2 {[%clk 0:00:06]} 58. Be5 {[%clk 0:00:07]} Bxe5
{[%clk 0:00:06]} 59. Kxe5 {[%clk 0:00:08]} Re2+ {[%clk 0:00:05]} 60. Kd4
{[%clk 0:00:09]} c2 {[%clk 0:00:06]} 61. Kd3 {[%clk 0:00:10]} Rh2
{[%clk 0:00:07]} 62. Ke4 {[%clk 0:00:04]} Rxh3 {[%clk 0:00:08]} 63. Rxc2
{[%clk 0:00:04]} Rg3 {[%clk 0:00:09]} 64. Ke5 {[%clk 0:00:03]} Rxg4
{[%clk 0:00:07]} 65. f5 {[%clk 0:00:03]} Rg5 {[%clk 0:00:08]} 66. Kd4 0-1